[Event "Kuzbass-ch"]
[Site "Kemerovo"]
[Date "2007.12.19"]
[Round "6"]
[White "Konyshev, Alexey"]
[Black "Dolgalev, Sergei"]
[Result "1-0"]
[WhiteElo "2290"]
[BlackElo "2268"]
[PlyCount "95"]
[EventDate "2007.12.16"]
[EventType "swiss"]
[EventRounds "9"]
[EventCountry "RUS"]
[SourceTitle "CBM 122 Extra"]
[Source "ChessBase"]
[SourceDate "2008.03.04"]
[SourceVersion "1"]
[SourceVersionDate "2008.03.04"]
[SourceQuality "1"]

1. c4 c5 2. Nc3 Nc6 3. g3 g6 4. Bg2 Bg7 5. a3 d6 6. Rb1 a5 7. e3 e5 8. Nge2 Nge7 9. 0-0 0-0 10. Nd5 Nxd5 11. cxd5 Ne7 12. b4 axb4 13. axb4 b6 14. Nc3 Bf5 15. d3 Qd7 16. e4 Bh3 17. Qb3 Bxg2 18. Kxg2 Ra7 19. bxc5 bxc5 20. Nd1 f5 21. f3 h6 22. Ne3 Rfa8 23. Nc4 Nc8 24. Rf2 Kh7 25. Bd2 h5 26. Qb5 Qd8 27. Qb3 h4 28. Qd1 Qd7 29. g4 Bh6 30. h3 Ra2 31. Be1 Bf4 32. Qb3 R2a7 33. Rfb2 Bg5 34. Qb7 Rxb7 35. Rxb7 Ra2+ 36. Kf1 Ra7 37. Rxd7+ Rxd7 38. Rb8 Ne7 39. Rb6 fxg4 40. fxg4 Nc8 41. Rc6 Na7 42. Rxd6 Rf7+ 43. Kg2 Nb5 44. Ra6 Nd4 45. Nxe5 Rb7 46. Ra2 Rb3 47. Bf2 Bf4 48. Ra7+ 1-0

[Event "Kuzbass-ch"]
[Site "Kemerovo"]
[Date "2007.12.18"]
[Round "4"]
[White "Konyshev, Alexey"]
[Black "Zimin, Ivan"]
[Result "1-0"]
[WhiteElo "2290"]
[BlackElo "2221"]
[PlyCount "41"]
[EventDate "2007.12.16"]
[EventType "swiss"]
[EventRounds "9"]
[EventCountry "RUS"]
[SourceTitle "CBM 122 Extra"]
[Source "ChessBase"]
[SourceDate "2008.03.04"]
[SourceVersion "1"]
[SourceVersionDate "2008.03.04"]
[SourceQuality "1"]

1. Nf3 d5 2. g3 c5 3. Bg2 Nc6 4. d4 e6 5. 0-0 Bd7 6. c4 dxc4 7. dxc5 Bxc5 8. Nbd2 b5 9. a4 a6 10. Ne4 Be7 11. Bf4 Rc8 12. axb5 axb5 13. Ra6 Nf6 14. Nd6+ Bxd6 15. Bxd6 Ne4 16. Ne5 Nxd6 17. Nxc6 Bxc6 18. Bxc6+ Kf8 19. Qd2 Qe7 20. Rd1 Rd8 21. Qa5 1-0

[Event "Kuzbass-ch"]
[Site "Kemerovo"]
[Date "2007.12.17"]
[Round "2"]
[White "Konyshev, Alexey"]
[Black "Baboyan, Eduard"]
[Result "1-0"]
[WhiteElo "2290"]
[BlackElo "2042"]
[PlyCount "121"]
[EventDate "2007.12.16"]
[EventType "swiss"]
[EventRounds "9"]
[EventCountry "RUS"]
[SourceTitle "CBM 122 Extra"]
[Source "ChessBase"]
[SourceDate "2008.03.04"]
[SourceVersion "1"]
[SourceVersionDate "2008.03.04"]
[SourceQuality "1"]

1. c4 c6 2. Nf3 Nf6 3. g3 d5 4. Bg2 g6 5. 0-0 Bg7 6. d4 0-0 7. cxd5 Nxd5 8. e4 Nb6 9. h3 N8d7 10. Qc2 Nf6 11. Nc3 Bd7 12. Rd1 Qc8 13. Kh2 Rd8 14. Be3 Nc4 15. Bf4 Be6 16. b3 Nb6 17. Rac1 h6 18. Be3 Qc7 19. Ne5 Nbd7 20. Nd3 Nf8 21. Nc5 N6d7 22. Nxe6 Nxe6 23. d5 cxd5 24. Nxd5 Qxc2 25. Rxc2 Bf8 26. Nc7 Ne5 27. Rxd8 Rxd8 28. Nxe6 fxe6 29. Bxa7 Nc6 30. Bc5 Rc8 31. Rd2 Kf7 32. f4 e5 33. Rd7 Nd8 34. Bb6 Ke8 35. Rd2 Nc6 36. h4 Bg7 37. Bh3 Ra8 38. Bd7+ Kf7 39. Bxc6 bxc6 40. Kg2 Bf6 41. fxe5 Bxe5 42. Be3 h5 43. Rc2 Ra6 44. Bf4 Bd4 45. Kf3 Ke6 46. Ke2 Bf6 47. Kd3 Rb6 48. Rc5 Bb2 49. Rc4 Ba3 50. Kc3 Bd6 51. b4 Ra6 52. Kb3 Rb6 53. a4 Ra6 54. a5 Kf6 55. Ka4 Ke6 56. b5 cxb5+ 57. Kxb5 Ra8 58. Bxd6 Kxd6 59. Rc6+ Kd7 60. a6 Rb8+ 61. Rb6 1-0

[Event "Sibiria Region-chT"]
[Site "Kemerovo"]
[Date "2007.12.12"]
[Round "6"]
[White "Turushev, Alexei"]
[Black "Konyshev, Alexey"]
[Result "0-1"]
[WhiteElo "2272"]
[BlackElo "2290"]
[PlyCount "76"]
[EventDate "2007.12.07"]
[EventType "team-tourn"]
[EventRounds "7"]
[EventCountry "RUS"]
[SourceTitle "CBM 122 Extra"]
[Source "ChessBase"]
[SourceDate "2008.03.04"]
[SourceVersion "1"]
[SourceVersionDate "2008.03.04"]
[SourceQuality "1"]

1. d4 Nf6 2. Bg5 c5 3. Bxf6 gxf6 4. dxc5 Na6 5. g3 Nxc5 6. Bg2 Qb6 7. b3 Bg7 8. c3 f5 9. Qc2 d6 10. Nd2 Bd7 11. Ngf3 Ne4 12. Nxe4 fxe4 13. Ng5 Rc8 14. 0-0 f5 15. c4 Bxa1 16. Rxa1 Qd4 17. Rd1 Qg7 18. h4 b5 19. e3 0-0 20. Bf1 Qe5 21. Qe2 h6 22. Nh3 bxc4 23. bxc4 Be6 24. Qh5 Qf6 25. Rd4 Rc5 26. Nf4 Bf7 27. Qd1 Rfc8 28. Nh5 Qe5 29. Nf4 Kg7 30. Nh5+ Bxh5 31. Qxh5 Ra5 32. g4 f4 33. Qxe5+ dxe5 34. Rxe4 fxe3 35. Rxe3 Rd8 36. a3 Rd1 37. Kg2 Ra1 38. f4 R1xa3 0-1

[Event "Sibiria Region-chT"]
[Site "Kemerovo"]
[Date "2007.12.08"]
[Round "2"]
[White "Voinov, Alexandr"]
[Black "Konyshev, Alexey"]
[Result "1-0"]
[WhiteElo "2437"]
[BlackElo "2290"]
[PlyCount "109"]
[EventDate "2007.12.07"]
[EventType "team-tourn"]
[EventRounds "7"]
[EventCountry "RUS"]
[SourceTitle "CBM 122 Extra"]
[Source "ChessBase"]
[SourceDate "2008.03.04"]
[SourceVersion "1"]
[SourceVersionDate "2008.03.04"]
[SourceQuality "1"]

1. Nf3 Nf6 2. g3 d5 3. Bg2 c6 4. 0-0 Bg4 5. d4 e6 6. Nbd2 Be7 7. Re1 0-0 8. e4 dxe4 9. Nxe4 Nbd7 10. c3 Nxe4 11. Rxe4 Nf6 12. Re1 Qb6 13. h3 Bh5 14. g4 Bg6 15. Ne5 Bd6 16. h4 Bxe5 17. Rxe5 h6 18. Qf3 Nd7 19. Re2 Rfe8 20. h5 Bh7 21. Bf4 Qb5 22. b3 Qb6 23. Rae1 Rad8 24. Qg3 Rc8 25. c4 f6 26. Qc3 c5 27. Be3 a5 28. dxc5 Qc7 29. a3 e5 30. b4 Kh8 31. Rd2 f5 32. Red1 Re7 33. gxf5 Bxf5 34. Rd6 axb4 35. axb4 Bg4 36. R1d2 Rf8 37. c6 bxc6 38. Rxc6 Qb8 39. Rcd6 Qe8 40. Qd3 e4 41. Qd4 Kh7 42. c5 Qxh5 43. Bxe4+ Rxe4 44. Qxe4+ Bf5 45. R2d5 Bxe4 46. Rxh5 Nf6 47. Re5 Bf3 48. Re7 Nh5 49. Rxh6+ Kg8 50. Rxh5 Bxh5 51. c6 Rf7 52. c7 Bg4 53. Re8+ Rf8 54. Rd8 Kf7 55. b5 1-0